00472nam a2200193 a 4500001001300000003000900013005001700022008004100039020001000080082001600090100001600106245002200122260004500144300001000189500003500199505001000234650001800244700001600262nice12345678IN_TiNIC20260116011535.0050524s1939 laha grp 000 0 urd  ac10000a297.09bHAM aHameed, K A aMusalmanane-alam. aLahorebShaikh Ghulam Ali and Sonsc1939 a488p. aincludes index and biblioraphy2 aIndex aIslam-History1 aHameed, K A